Instrumentación electrónica y mediciones

Bibliographic Details
Main Author: Cooper, William D.
Format: Section = Libro
Language:Undetermined
Spanish
Published: México Prentice Hall 1982
Subjects:
LEADER 00580nam a2200205Ia 4500
008 240829s9999 xx 000 0 und d
020 |a 968-880-057-0 
040 |a BIBLIOTECA-RUSB/ 621.37 C778 
041 |a spa 
082 |a 621.37 C778 
100 1 |a Cooper, William D. 
245 1 0 |a Instrumentación electrónica y mediciones 
260 |a México  |b Prentice Hall  |c 1982 
300 |a 500 p. :il. 
650 7 |a MEDICIONES ELECTRICAS 
650 7 |b  TECNICAS DE MEDICION 
650 7 |c  INSTRUMENTACION ELECTRONICA. Helfriek, Albert D 
942 |c BK  |2 ddc 
991 |a TEXTO 
999 |c 3234